Contemporary engineering economics (Record no. 2014)

000 -LEADER
fixed length control field 00571nam a22002054a 4500
001 - CONTROL NUMBER
control field 2014
003 - CONTROL NUMBER IDENTIFIER
control field BD-DhUET
008 - FIXED-LENGTH DATA ELEMENTS--GENERAL INFORMATION
fixed length control field 160220b xxu||||| |||| 00| 0 eng d
020 ## - INTERNATIONAL STANDARD BOOK NUMBER
International Standard Book Number 0130893102
040 ## - CATALOGING SOURCE
Original cataloging agency DLC
Transcribing agency DLC
Modifying agency BD-DhUET
Language of cataloging 0
082 00 - DEWEY DECIMAL CLASSIFICATION NUMBER
Classification number 658.15
Item number PAR/2002
100 1# - MAIN ENTRY--PERSONAL NAME
Personal name Park, Chan S.
245 10 - TITLE STATEMENT
Title Contemporary engineering economics
Statement of responsibility, etc. by Chan S. Park
250 ## - EDITION STATEMENT
Edition statement 3rd ed.
260 ## - PUBLICATION, DISTRIBUTION, ETC. (IMPRINT)
Place of publication, distribution, etc. New Jersey
Name of publisher, distributor, etc. Prentice Hall
Date of publication, distribution, etc. 2002
300 ## - PHYSICAL DESCRIPTION
Extent xxxi, 920 p.
Other physical details ill. (some col.), map
Dimensions 24 cm.
504 ## - BIBLIOGRAPHY, ETC. NOTE
Bibliography, etc Includes bibliographies
650 #0 - SUBJECT ADDED ENTRY--TOPICAL TERM
Topical term or geographic name as entry element Engineering economy
942 ## - ADDED ENTRY ELEMENTS (KOHA)
Koha item type General Book
Holdings
Koha item type Withdrawn status Location (home branch) Copy number Koha normalized classification for sorting Piece designation (barcode) Koha issues (times borrowed) Price effective from Lost status Damaged status Koha full call number Shelving location Not for loan Date acquired Sublocation or collection (holding branch) Koha date last seen Source of classification or shelving scheme Koha date last borrowed
General Book Central Library, BUET1658_000000000000000_15PAR2002102575 2014-09-16  658.15/PAR/2002Circulation section 2014-09-16Central Library, BUET2014-09-16  
General Book Central Library, BUET2658_000000000000000_15PAR2002102580 2014-09-16  658.15/PAR/2002Circulation section 2014-09-16Central Library, BUET2014-09-16  
General Book Central Library, BUET3658_000000000000000_15PAR200210257412014-09-16  658.15/PAR/2002Circulation section 2014-09-16Central Library, BUET2019-04-13 2018-11-12
General Book Central Library, BUET4658_000000000000000_15PAR2002102579 2014-09-16  658.15/PAR/2002Circulation section 2014-09-16Central Library, BUET2014-09-16  
General Book Central Library, BUET5658_000000000000000_15PAR2002102581 2014-09-16  658.15/PAR/2002Circulation section 2014-09-16Central Library, BUET2014-09-16  
General Book Central Library, BUET6658_000000000000000_15PAR2002102576 2014-09-16  658.15/PAR/2002Circulation section 2014-09-16Central Library, BUET2014-09-16  
General Book Central Library, BUET7658_000000000000000_15PAR2002102578 2014-09-16  658.15/PAR/2002Circulation section 2014-09-16Central Library, BUET2014-09-16  
General Book Central Library, BUET8658_000000000000000_15PAR2002102577 2014-09-16  658.15/PAR/2002Circulation section 2014-09-16Central Library, BUET2014-09-16  
General Book Central Library, BUET9658_000000000000000_15PAR2002102573 2014-09-16  658.15/PAR/2002Circulation section 2014-09-16Central Library, BUET2014-09-16  
General Book Central Library, BUET10658_150000000000000_PAR_2002102582 2017-04-15  658.15/PAR/2002Circulation section 2006-06-26Central Library, BUET2017-04-15